| 000 | 05002cam a22018854i 4500 | ||
|---|---|---|---|
| 003 | PE-LiUPU | ||
| 005 | 20250813165503.0 | ||
| 008 | 171204s2014 sp a rb 001 0 spa d | ||
| 020 |
_a9788498357233 _q(Tomo 1) |
||
| 020 |
_a9788498357240 _q(Tomo 2) |
||
| 035 | _a(Sirsi) a240270 | ||
| 040 |
_aPE-LiUPU _bspa _cPE-LiUPU _erda |
||
| 049 | _aPRUA | ||
| 082 | 0 | 4 |
_a618.92 _bC9 _220 |
| 245 | 0 | 0 |
_aCruz tratado de pediatría / _cManuel Moro Serrano, Serafín Málaga Guerrero, Luis Madero López. |
| 246 | 3 | _aTratado de pediatría. | |
| 250 | _a11a edición. | ||
| 264 | 1 |
_aMadrid : _bMédica Panamericana, _c2014. |
|
| 300 |
_a2 Tomos : _bilustraciones ; _c29 centímetros |
||
| 336 |
_atext _2rdacontent |
||
| 337 |
_aunmediated _2rdamedia |
||
| 338 |
_avolume _2rdacarrier |
||
| 504 | _aBibliografía : al final de cada capítulo. | ||
| 504 | _aIndice : tomo 2. | ||
| 505 | 0 |
_aTomo 1. _aIntroducción a la pediatría -- Crecimiento y desarrollo del niño -- Pediatría social -- Neonatología -- Cuidados intensivos pediátricos -- Medicina del adolescente -- Genética clínica y dismorfología -- Inmunodeficiencias -- Alergología -- Reumatología -- Enfermedades infecciosas -- Nutrición -- Líquidos y electrólitos -- Transtornos genéticos del metabolismo -- Endocrinología. |
|
| 505 | 0 |
_aTomo 2. _aGastroenterología -- Neumología -- Cardiología -- Hematología -- Oncología -- Nefrología -- Urología -- Psiquiatría -- Neurología -- Transtornos neuromusculares -- Traumatología y ortopedia -- Dermatología -- Oftalmología -- Otorrinolaringología -- Laboratorio y fármacos en pediatría. |
|
| 526 | _aP203 | ||
| 526 | _aP200 | ||
| 526 | _aSEG65 | ||
| 526 | _aSEG64 | ||
| 526 | _aSEG63 | ||
| 526 | _aSEG62 | ||
| 526 | _aSEG61 | ||
| 526 | _aSEG60 | ||
| 526 | _aSEG59 | ||
| 526 | _aSEG58 | ||
| 526 | _aSEG57 | ||
| 526 | _aSEG56 | ||
| 526 | _aSEG55 | ||
| 526 | _aSEG54 | ||
| 526 | _aSEG53 | ||
| 526 | _aSEG52 | ||
| 526 | _aSEG51 | ||
| 526 | _aSEG50 | ||
| 526 | _aSEG49 | ||
| 526 | _aSEG48 | ||
| 526 | _aSEG47 | ||
| 526 | _aSEG46 | ||
| 526 | _aSEG24 | ||
| 526 | _aSEG23 | ||
| 526 | _aSEG22 | ||
| 526 | _aSEG21 | ||
| 526 | _aSEG20 | ||
| 526 | _aSEG19 | ||
| 526 | _aSEG18 | ||
| 526 | _aSEG17 | ||
| 526 | _aSEG16 | ||
| 526 | _aSEG14 | ||
| 526 | _aSEG13 | ||
| 526 | _aSEG12 | ||
| 526 | _aSEG11 | ||
| 526 | _aSEG10 | ||
| 526 | _aSEG09 | ||
| 526 | _aSEG06 | ||
| 526 | _aSEG05 | ||
| 526 | _aSEG04 | ||
| 526 | _aSEG03 | ||
| 526 | _aSEG02 | ||
| 526 | _aSEG68 | ||
| 526 | _aSEG66 | ||
| 526 | _aSEG45 | ||
| 526 | _aSEG25 | ||
| 526 | _aSEG01 | ||
| 526 | _aP163 | ||
| 526 | _aP162 | ||
| 526 | _aP161 | ||
| 526 | _aP160 | ||
| 526 | _aP159 | ||
| 526 | _aP158 | ||
| 526 | _aP157 | ||
| 526 | _aP156 | ||
| 526 | _aP155 | ||
| 526 | _aP154 | ||
| 526 | _aP153 | ||
| 526 | _aP152 | ||
| 526 | _aP151 | ||
| 526 | _aP150 | ||
| 526 | _aP149 | ||
| 526 | _aP142 | ||
| 526 | _aP141 | ||
| 526 | _aP140 | ||
| 526 | _aP139 | ||
| 526 | _aP138 | ||
| 526 | _aP137 | ||
| 526 | _aP132 | ||
| 526 | _aP131 | ||
| 526 | _aP130 | ||
| 526 | _aP126 | ||
| 526 | _aP125 | ||
| 526 | _aP124 | ||
| 526 | _aP123 | ||
| 526 | _aP115 | ||
| 526 | _aP122 | ||
| 526 | _aP121 | ||
| 526 | _aP116 | ||
| 526 | _a P114 | ||
| 526 | _aP112 | ||
| 526 | _aP111 | ||
| 526 | _aP104 | ||
| 526 | _aP103 | ||
| 526 | _aP102 | ||
| 526 | _aP101 | ||
| 526 | _aP100 | ||
| 526 | _aP96 | ||
| 526 | _aP95 | ||
| 526 | _aP93 | ||
| 526 | _aP92 | ||
| 526 | _aP91 | ||
| 526 | _aP88 | ||
| 526 | _aP83 | ||
| 526 | _aP82 | ||
| 526 | _aP79 | ||
| 526 | _aP78 | ||
| 526 | _aP75 | ||
| 526 | _aP74 | ||
| 526 | _aP71 | ||
| 526 | _aP69 | ||
| 526 | _a P51 | ||
| 526 | _aP49 | ||
| 526 | _aP48 | ||
| 526 | _aP47 | ||
| 526 | _aP33 | ||
| 526 | _aP31 | ||
| 526 | _a P30 | ||
| 526 | _aP29 | ||
| 526 | _aP27 | ||
| 526 | _aP26 | ||
| 526 | _aP25 | ||
| 526 | _aP24 | ||
| 526 | _a P22 | ||
| 526 | _aP10 | ||
| 526 | _aP09 | ||
| 526 | _a P08 | ||
| 526 | _aP06 | ||
| 526 | _aP05 | ||
| 526 | _aP04 | ||
| 526 | _aP01 | ||
| 526 | 8 |
_iPrograma académico: _5PE-LiUPU |
|
| 541 | _g0001-000549; | ||
| 650 | 0 | 4 |
_aPediatría. _94621 |
| 650 | 0 | 4 | _aPediatrics. |
| 700 | 1 |
_aMoro Serrano, Manuel, _eeditor. |
|
| 700 | 1 |
_aMálaga Guerrero, Serafín, _eeditor. |
|
| 700 | 1 |
_aMadero López, Luis, _eeditor. |
|
| 910 |
_adbm _bncf _cncf _d20171204 |
||
| 596 | _a1 | ||
| 942 |
_2ddc _cBOOK |
||
| 999 |
_a618.92 C9 1 _wDEWEY _c25936 _i77317 _d25936 _f2021-11-4 _g4 _lCCODEBUL1 _mBUL _p63.78 _q3 _r0 _sY _tBOOK _u2017-12-4 _xSALUD _zP69 _0COMPRA _o.STAFF. Colección Ciencias de la Salud |
||
| 999 |
_a618.92 C9 2 _wDEWEY _c1 _i77318 _d2019-10-10 _f2021-11-4 _g4 _lCCODEBUL1 _mBUL _p63.78 _q2 _r0 _sY _tBOOK _u2017-12-4 _xSALUD _zP69 _0COMPRA _o.STAFF. Colección Ciencias de la Salud |
||
| 980 |
_81 _gALBERTO SANCHEZ Responsable de Automatización |
||